000 00607nam a22001577a 4500
008 160502b xxu||||| |||| 00| 0 eng d
082 _22010
_aUT 0199
_bC16
100 _97217
_aCansancio, Raymond C.
245 _aInternet cafe service and customer preferences in Digos City/
_cRaymond C. Cansancio, Mabell A. Antoque and Jelly C. Cansancio.
260 _aDigos City:
_bUMDC
_cMarch 2010.
300 _a41 pages;
_c28 cm.
650 0 _97216
_aBusiness Administration
_vMarketing Management
_xUndergraduate thesis.
700 _97214
_aAntoque, Mabell A.
700 _97215
_aCansancio, Jelly C.
942 _2ddc
_cUT
999 _c2209
_d2209